00386nam a2200157Ia 45000010006000000050017000060080041000230410008000640820016000721000032000882450055001202600009001753000028001846500008002126540008002202030120260306172756.0260306t2004||||xx |||||||||||||| ||spa|| aESP a343.1bQ77A aQuispe Correa, AlfredoeAUT 0aDerecho constitucional e instituciones políticas c2004 a248 páginas :c24 cm. aGEN aCDE